00624 2200229 4500001002100000005001500021035002000036245008000056100002200136250000600158300003500164700001900199260004700218082001100265084001700276020001800293650001500311990001700326990001700343990001700360990001700377INLIS00000000000089420190315055024 a0010-03190001071 aGempa Bumi dan Bagaimana ? /cBeni S. Ambarjaya; Penyunting, Toni Kurniawan0 aBeni S. Ambarjaya a- aiv, 68 hlm. :bilus. ;c21 cm.0 aToni Kurniawan aJakarta :bCV Karya Mandiri Pratama,c2007 a551.22 a551.22 BEN g a979-004-028-8 aGempa Bumi a03238/H/2018 a03239/H/2018 a03240/H/2018 a03241/H/2018